00989cpcaa2200241 a 4500001001300000003000400013005001700017008004100034010001700075040002400092072001200116100003000128245005400158300001400212506002200226520030900248545002200557546003600579580005700615650003400672656001900706656002200725mm 83005639 DLC20260227111719.0831025|||||||||||| eng  amm 83005639  aDLCcDLCedacsdDLC 7aL2lcmd1 aSeeger, Alan,d1888-1916.00aAlan Seeger correspondence and poems,f1914-1916. a3fitems.0 aOpen to research.8 aSeeger's manuscript poem, entitled An Ode in Memory of the American Volunteers Fallen for France, together with an ALS (1916 May 31) from Seeger to a Mr. Prince regarding the poem. A notebook (1914), entitled Juvenalia, contains manuscripts and typescripts of fifty-six poems and translations by Seeger.0 aPoet and soldier. aCollection material in English. aForms part of: Miscellaneous Manuscripts collection. 0aWorld War, 1914-1918vPoetry. 7aPoets.2itoamc 7aSoldiers.2itoamc